Kraje z lat 10,30,60 i dzisiejszych - Statystyki

Ogólne statystyki
  • Ten quiz został rozwiązany 11 razy
  • Średni wynik to 10 z 16
Statystyki odpowiedzi
Obrazkowy Odpowiedź % Poprawnych
Polska
100%
Stany Zjednoczone
100%
Ukraina
100%
Iran
90%
Austro Węgry
70%
Królestwo Serbii
70%
Kuba
70%
Słowacja
70%
Włochy
70%
Związek Socjalistycznych Republik Radzieckich
70%
Japonia
50%
Cesarstwo Niemieckie
30%
III Rzesza
30%
Imperium Rosyjskie
20%
Wschodnie Niemcy
10%
Zachodnie Niemcy
10%
Nie znaleziono quizów pasujących do podanych kryteriów
Rozkład punktacji
Procent ludzi z każdym wynikiem
Percentyl według liczby udzielonych odpowiedzi
Twoja historia wyników
Nie rozwiązałeś tego quizu